Quarterly review

Saved in:
Bibliographic Details
Corporate Author: National Westminster Bank
Format: Serial
Language:English
Published: London : National Westminster Bank, [1968-1993]
Subjects:
Tags: Add Tag
No Tags, Be the first to tag this record!

MARC

LEADER 00000nas a2200000 i 4500
001 1/47983
008 040204d19681993uk eng
022 |a 02280399 
035 |l 10072172 
040 |a GR-MY-UA  |b gre  |e aacr 
041 0 |a eng 
082 0 |a 330.942  
110 2 |a National Westminster Bank. 
245 1 0 |a Quarterly review  |h [περιοδικό] /   |c National Westminster Bank  
260 |a London :   |b National Westminster Bank,   |c [1968-1993] 
300 |a τ. :   |c 21 εκ.  
310 |a Τριμηνιαίο  
651 0 |a Great Britain  |x Economic conditions  |x Periodicals. 
651 0 |a Great Britain  |x Economic policy  |x Periodicals. 
901 |a BIBL2-2004-1 
922 |a 2ΕΛΗ  |b 198801  |c ΚΕΝΤΡΙΚΗ ΒΙΒΛΙΟΘΗΚΗ  |d SWETS 
970 |a ΣΠΕΝΤΖΑ  |b ΕΛΕΝΗ  |z 2004/02/04